<?xml version="1.0" encoding="UTF-8"?><?xml-stylesheet type="text/xsl" href="static/style.xsl"?><OAI-PMH xmlns="http://www.openarchives.org/OAI/2.0/" xmlns:xsi="http://www.w3.org/2001/XMLSchema-instance" xsi:schemaLocation="http://www.openarchives.org/OAI/2.0/ http://www.openarchives.org/OAI/2.0/OAI-PMH.xsd"><responseDate>2026-06-02T07:25:03Z</responseDate><request verb="GetRecord" identifier="oai:riuma.uma.es:10630/35485" metadataPrefix="marc">https://riuma.uma.es/rest/oai/request</request><GetRecord><record><header><identifier>oai:riuma.uma.es:10630/35485</identifier><datestamp>2026-02-03T10:51:27Z</datestamp><setSpec>com_10630_2254</setSpec><setSpec>col_10630_37953</setSpec></header><metadata><record xmlns="http://www.loc.gov/MARC21/slim" xmlns:dcterms="http://purl.org/dc/terms/" xmlns:doc="http://www.lyncode.com/xoai" xmlns:xsi="http://www.w3.org/2001/XMLSchema-instance" xsi:schemaLocation="http://www.loc.gov/MARC21/slim http://www.loc.gov/standards/marcxml/schema/MARC21slim.xsd">
   <leader>00925njm 22002777a 4500</leader>
   <datafield ind2=" " ind1=" " tag="042">
      <subfield code="a">dc</subfield>
   </datafield>
   <datafield ind2=" " ind1=" " tag="720">
      <subfield code="a">Almansa-Martínez, Ana María</subfield>
      <subfield code="e">author</subfield>
   </datafield>
   <datafield ind2=" " ind1=" " tag="720">
      <subfield code="a">Castillero-Ostio, Elizabet</subfield>
      <subfield code="e">author</subfield>
   </datafield>
   <datafield ind2=" " ind1=" " tag="720">
      <subfield code="a">Castillo-Esparcia, Antonio</subfield>
      <subfield code="e">author</subfield>
   </datafield>
   <datafield ind2=" " ind1=" " tag="260">
      <subfield code="c">2024-03-01</subfield>
   </datafield>
   <datafield ind2=" " ind1=" " tag="520">
      <subfield code="a">La magnitud que ha adquirido la comunicación en la actualidad explica, en gran parte, el desarrollo experimentado por los gabinetes de comunicación. Cualquier organización de diversa índole precisa de una estructura organizativa que gestione de manera óptima las relaciones de esta con su universo relacional, en su dimensión externa e interna. Esta investigación persigue conocer cuál es el panorama actual de las direcciones de comunicación en Andalucía -territorialmente, una de las comunidades autónomas más grandes de España- y descubrir cuál ha sido su evolución en las dos primeras décadas del siglo XXI; contemplando tanto el sector público como el privado y el social. Los resultados muestran un crecimiento en el número de gabinetes de comunicación generalizado en todas las provincias y en todos los sectores; especialmente los de las administraciones locales, así como las empresas de comunicación y los de las organizaciones sociales, que se han triplicado en lo que llevamos de siglo. Además de cambios significativos en la digitalización de la comunicación.  Ahora, las organizaciones andaluzas, además de tener una web, cuentan con perfiles en las principales redes sociales.</subfield>
   </datafield>
   <datafield ind1="8" ind2=" " tag="024">
      <subfield code="a">Almansa-Martínez, A., Castillero-Ostio, E., &amp; Castillo-Esparcia, A. (2024). Communication offices in Andalucia: development and strengthening (2003-2022). Revista De Comunicación, 23(1), 17–32.</subfield>
   </datafield>
   <datafield ind1="8" ind2=" " tag="024">
      <subfield code="a">https://hdl.handle.net/10630/35485</subfield>
   </datafield>
   <datafield ind1="8" ind2=" " tag="024">
      <subfield code="a">10.26441/RC23.1-2024-3356</subfield>
   </datafield>
   <datafield tag="653" ind2=" " ind1=" ">
      <subfield code="a">Gabinetes de prensa - Andalucía</subfield>
   </datafield>
   <datafield ind2="0" ind1="0" tag="245">
      <subfield code="a">Gabinetes de comunicación en Andalucía: desarrollo y afianzamiento (2003-2022)</subfield>
   </datafield>
</record>
</metadata></record></GetRecord></OAI-PMH>